Warrior cats O names - Statistics

General Stats
  • This quiz has been taken 10 times
    9 since last reset
  • The average score is 15 of 33
Answer Stats
% Correct
Otterheart
83%
Ottersplash
83%
Oakheart
67%
Oakkit
67%
Oakstar
67%
Oatpaw
67%
OatwhiskerTc
67%
OatwhiskerWc
67%
Owl
67%
OwlstarCotc
67%
OwlstarSotc
67%
Oatclaw
50%
Olive
50%
Olivenose
50%
Onestar
50%
Owlclaw
50%
Owl feather
50%
Owlnose
50%
Oakleaf
33%
Oliver
33%
One eye
33%
One-eye
33%
Oscar
33%
Owlflight
33%
Owlpaw
33%
Owl song
33%
Owlwhisker
33%
Oakfur
17%
Oatspeckle
17%
Oddfoot
17%
O'hara
17%
Onion
17%
Oakstep
0%
No matching quizzes found
Score Distribution
Percent of People with Each Score
Percentile by Number Answered
Your Score History
You have not taken this quiz since the last reset